Sports Quiz

Random Sports Quiz
Score 0/132 Timer 10:00
0 Plays Today
% Correct
Lukas Podolski
99.3%
Lukas Podolski
99.3%
Lukas Podolski
99.3%
Lukas Podolski
99.3%
Lukas Podolski
99.3%
Milivoje Novakovic
92.1%
Milivoje Novakovic
92.1%
Milivoje Novakovic
92.1%
Milivoje Novakovic
92.1%
Milivoje Novakovic
92.1%
Faryd Mondragon
89.2%
Faryd Mondragon
89.2%
Faryd Mondragon
89.2%
Michael Rensing
89.2%
Michael Rensing
89.2%
Pedro Geromel
82.7%
Pedro Geromel
82.7%
Pedro Geromel
82.7%
Pedro Geromel
82.7%
Matthias Scherz
79.1%
Matthias Scherz
79.1%
Matthias Scherz
79.1%
Matthias Scherz
79.1%
Matthias Scherz
79.1%
Matthias Scherz
79.1%
Miso Brecko
78.4%
Miso Brecko
78.4%
Miso Brecko
78.4%
Miso Brecko
78.4%
Stefan Wessels
76.3%
Stefan Wessels
76.3%
Stefan Wessels
76.3%
Dirk Lottner
74.8%
Dirk Lottner
74.8%
Dirk Lottner
74.8%
Dirk Lottner
74.8%
Petit
74.8%
Petit
74.8%
Petit
74.8%
Patrick Helmes
73.4%
Kevin McKenna
73.4%
Patrick Helmes
73.4%
Maniche
73.4%
Alexander Bade
72.7%
% Correct
Alexander Bade
72.7%
Markus Pröll
71.9%
Markus Pröll
71.9%
Christian Eichner
71.9%
Christian Clemens
71.9%
Christian Eichner
71.9%
Christian Clemens
71.9%
Youssef Mohamad
71.2%
Youssef Mohamad
71.2%
Youssef Mohamad
71.2%
Youssef Mohamad
71.2%
Martin Lanig
71.2%
Martin Lanig
71.2%
Adil Chihi
70.5%
Carsten Cullmann
69.8%
Carsten Cullmann
69.8%
Carsten Cullmann
69.8%
Carsten Cullmann
69.8%
Thomas Broich
68.3%
Thomas Broich
68.3%
Alexander Voigt
67.6%
Christian Springer
67.6%
Alexander Voigt
67.6%
Christian Springer
67.6%
Alexander Voigt
67.6%
Christian Springer
67.6%
Alexander Voigt
67.6%
Christian Springer
67.6%
Alexander Voigt
67.6%
Christian Springer
67.6%
Christian Springer
67.6%
Alpay Özalan
66.2%
Alpay Özalan
66.2%
Slawomir Peszko
66.2%
Moses Sichone
64.7%
Moses Sichone
64.7%
Moses Sichone
64.7%
Mato Jajalo
64.7%
Sascha Riether
64.7%
Mato Jajalo
64.7%
Thomas Cichon
64%
Thomas Cichon
64%
Thomas Cichon
64%
Kevin Pezzoni
64%
% Correct
Kevin Pezzoni
64%
Ümit Özat
63.3%
Andrew Sinkala
62.6%
Albert Streit
62.6%
Albert Streit
62.6%
Pierre Wome
62.6%
Fabrice Ehret
61.9%
Fabrice Ehret
61.9%
Fabrice Ehret
61.9%
Roda Antar
60.4%
Roda Antar
60.4%
Lukas Sinkiewicz
59%
Christian Lell
59%
Lukas Sinkiewicz
59%
Markus Kurth
57.6%
Markus Kurth
57.6%
Markus Kurth
57.6%
Andriy Voronin
57.6%
Nemanja Vucicevic
57.6%
Nemanja Vucicevic
57.6%
Henrique Sereno
56.8%
Markus Kreuz
56.1%
Markus Kreuz
56.1%
Marvin Matip
56.1%
Ricardo Cabanas
56.1%
Ricardo Cabanas
56.1%
Marvin Matip
56.1%
Christian Timm
54.7%
Marius Ebbers
54%
Alexander Mitreski
53.2%
Alexander Mitreski
53.2%
Florian Kringe
52.5%
Florian Kringe
52.5%
Markus Happe
51.8%
Bernt Haas
51.1%
Mustafa Dogan
50.4%
Sebastian Freis
49.6%
Dimitrios Grammozis
48.9%
Hanno Balitsch
48.2%
Jens Keller
47.5%
Jens Keller
47.5%
Sebastian Schindzielorz
47.5%
Oliver Schröder
41%
Pekka Lagerbloom
38.1%
Remove Ads.
Support Sporcle.
Get the best of Sporcle when you Go Orange. This ad-free experience offers more features, more stats, and more fun while also helping to support Sporcle. Thank you for becoming a member.

You're not logged in!

Compare scores with friends on all Sporcle quizzes.
OR
Log In

Show Comments

Extras

Created Jul 12, 2012ReportNominate
Tags:2000, 2011, XIs

Top Quizzes Today


Score Distribution

Your Account Isn't Verified!

In order to create a playlist on Sporcle, you need to verify the email address you used during registration. Go to your Sporcle Settings to finish the process.

Report this User

Report this user for behavior that violates our Community Guidelines.

Details: